02458nam a2200229Ia 450000500170000000800410001704000570005804100080011508200140012310000480013724500770018526000520026230000300031450000210034450004390036550512570080450600210206160000720208265000270215465000250218165000220220620211110133535.0130821s1913 ck fr 1 spa d aCo-BoUCMbspacSaul Niño (Modificó)dSandra Yazo0 aspa04a252.92201 aCarrasquilla, Rafael Maríad1857-1930 ‎10aSermones y discursos escogidoscdel doctor Rafaél María Carrasquilla aBogotá (Colombia)bLibrería Americanac1913 a578 páginasc23 x 16 cm aIncluye índice aDetalles físicos: Encuadernación rígida (holandesa) en catón forrada en papel con lomo en cuero, letras en dorado. Conserva guardas, anteportada, portada impresa a una sola tinta, con un pequeño grabado. Texto impreso en una columna con márgenes amplios, algunas notas al pie de página y adornos en los encabezamientos. Ej.1 Varias hojas rotas, que afectan el texto, papel manchado. Ej.2 en buen estado de conservación0 aOraciones fúnebres: Vicente Arbeláez ; José Telésforo Paul ; Rafael Núñez ; Manuel José Mosquera ; Sumo Pontífice León VIII -- Sermones y panegíricos: en honor a la Santísima Virgen ; Panegírico de San José ; En honor del sagrado corazón de Jesús ; Oración en el aniversario de la fundación de Bogotá ; De la natividad de las Santísima Virgen ; Panegírico de Santa Bárbara ; Sermón en acción de gracias ; Panegírico de Nuestra Señora de las Mercedes ; Sermón del Santísimo sacramento ; Panegírico de la Inmaculada concepción de María ; Sermón de Pentecostés ; Panegírico de San Pedro Claver ; Panegírico de San Ignacio de Loyola -- Oraciones gratulatorias: Al descubrirse la estatua de Fray Cristóbal de Torres ; En celebración del Centenario de la independencia Nacional ; Oración con motivo del jubileo episcopal del ilustrísimo señor doctor Bernardo Herrera -- Discursos académicos: Al recibirse el autor como miembro de números de la Academia Colombiana ; En respuesta al señor doctor Liborio Zerda al recibirse miembro de números en la academia Colombiana ; Contestación al discurso del señor don Hernando Holguín y Caro al entrar a la Academia Colombiana aConsulta en sala14aCarrasquilla, Rafael Maríad1857-1930 ‎xProclamas y Discursos  7aProclamas y Discursos  7aLiteratura religiosa 7aOratoria sagrada